Culture Générale - Série 106 - Statistiques

Statistiques générales
  • Ce quiz a été pris 632 fois
  • Le résultat moyen est 6 sur 10
Statistiques - réponses
Question Réponse % Correct
Selon le proverbe, quel plat se mange froid ? La vengeance
94%
En astronomie, de quels astres est composée une constellation ? Etoiles
89%
Quel pourcentage équivaut à 4/5ème ? 80%
84%
Combien de temps met la Terre pour faire une rotation sur elle-même ? 24 heures
82%
Dans quelle ville vivent les Blésois ? Blois
59%
Sur quelle route Clint Eastwood et Meryl Streep se trouvent-ils ? Madison
46%
De qui est le fameux sketch : "Allô, tonton, pourquoi tu tousses ? " Fernand Raynaud
32%
Quel président de la république française est tombé d'un train en 1920 ? Paul Deschanel
32%
Dans quel film Dustin Hoffman se déguise-t-il en femme ? Tootsie
29%
A qui doit-on la chanson "Seras-tu là ?", en 1975 ? Michel Berger
25%
Aucun quiz correspondant
Distribution des résultats
% des personnes avec chaque résultat
Percentile par nombre de réponses
Votre historique - résultats
Vous n’avez pas pris ce quiz